Loading...
| History - European | 0 | 6 | 0 | 1 | 60 | 72 | 111.67 | 0 | 1 | 0.00 | 0.00 |
| Literature - American | 0 | 4 | 0 | 0 | 40 | 93 | 114.75 | 0 | 0 | 0.00 | 0.00 |
| History - World | 0 | 4 | 0 | 0 | 40 | 62 | 92.25 | 0 | 0 | 0.00 | 0.00 |
| Any History | 0 | 3 | 0 | 0 | 30 | 86 | 105.33 | 0 | 0 | 0.00 | 0.00 |
| Mythology | 0 | 3 | 0 | 0 | 30 | 77 | 107.33 | 0 | 1 | 0.00 | 0.00 |
| History - American | 0 | 3 | 1 | 0 | 25 | 83 | 104.00 | 0 | 0 | 0.00 | 0.00 |
| Science - Other | 0 | 3 | 1 | 0 | 25 | 55 | 71.00 | 1 | 3 | 0.00 | 0.00 |
| Literature - World | 0 | 2 | 0 | 0 | 20 | 33 | 81.50 | 1 | 1 | 0.00 | 0.00 |
| Other Academic | 0 | 2 | 0 | 0 | 20 | 105 | 116.00 | 0 | 0 | 0.00 | 0.00 |
| Painting & Sculpture | 0 | 2 | 1 | 1 | 15 | 106 | 121.00 | 0 | 0 | 0.00 | 0.00 |
| Philosophy | 0 | 1 | 0 | 0 | 10 | 119 | 119.00 | 0 | 0 | 0.00 | 0.00 |
| Science - Biology | 0 | 1 | 0 | 0 | 10 | 90 | 90.00 | 0 | 0 | 0.00 | 0.00 |
| Religion | 0 | 1 | 1 | 0 | 5 | 108 | 108.00 | 0 | 0 | 0.00 | 0.00 |
| Social Science | 0 | 1 | 1 | 0 | 5 | 127 | 127.00 | 0 | 0 | 0.00 | 0.00 |
| Literature - European | 0 | 0 | 1 | 0 | -5 | 0.00 | 0 | 0 | 0.00 | 0.00 | |
| Science - Chemistry | 0 | 0 | 1 | 0 | -5 | 0.00 | 0 | 0 | 0.00 | 0.00 | |
| Fine Arts - Other | 0 | 0 | 3 | 0 | -15 | 0.00 | 0 | 0 | 0.00 | 0.00 |